000 00387nam a22001457a 4500
999 _c257034
_d257033
003 OSt
005 20180726125144.0
008 180726b xxu||||| |||| 00| 0 eng d
020 _a0066620112
040 _cN/A
100 _aStanley Bing
245 _aWhat would Machiavelli Do?
_bThe ends justify the meanness
260 _aNew York
_bHarper Collins Publishers
_c2000
942 _2lcc
_cBK